000 01465nam0a2200337 4500
001 RU\NLR\BIBL_A\022286568
005 20260420012914.0
010 _a978-5-6047185-7-5
_9500
021 _aRU
_bКН-П-24-035776
_9КН-П-24-3594
035 _a(NLR Aleph) 022286568
090 _a13661757
_c13661757
100 _a20240730d2023 u y0rusy50 ca
101 0 _arus
102 _aRU
105 _ay z 000yy
181 0 _ai4
_baxxe
182 0 _an
200 1 _aБоливия: возвращение левого проекта
_fИнститут Латинской Америки Российской академии наук
203 _aТекст
_bвизуальный
_cнепосредственный
210 _aМосква
_cИЛА РАН
_d2023
215 _a107, [1] с.
_d21
225 1 _aСерия аналитических изданий "Саммит"
_fотв. ред.: д-р экон. наук, проф. В. М. Давыдов
320 _aБиблиогр.: с. 105-107 (34 назв.) и в подстроч. примеч.
607 _aБоливия
_xПолитика и управление
_z21 в.
_92606526
_3RU\NLR\AUTH\661543084
686 1 _aТ3(7Бо)63-5
712 0 2 _4475
_aИнститут Латинской Америки
_cМосква
_9318592
_3RU\NLR\AUTH\8822179
942 _cBOOK
980 _aNB